Statistics for Super Bowl Host Cities

Click here to take the quiz!

General Stats

  • This quiz has been taken 149 times
  • The average score is 12 of 15

Answer Stats

Number of GamesCity/Metro Area% Correct
8Los Angeles/Pasadena
99%
11Miami
95%
1New York/New Jersey
89%
1Dallas-Fort Worth
87%
3Houston
87%
10New Orleans
84%
5Tampa
83%
3Atlanta
79%
3Phoenix
75%
2Detroit
74%
3San Diego
72%
2San Francisco
71%
3Minneapolis
69%
1Jacksonville
58%
1Indianapolis
52%

Score Distribution

Percentile by Number Answered

Percent of People with Each Score

Your Score History

You have not taken this quiz